000 01164nam a2200289 i 4500
003 DO-SdBNP
005 20250205124809.0
007 ta
008 230425e2013 dr ad||gr|||| 001 0 spa d
020 _a9789945015034
040 _aDO-SdBNP
_bspa
_cBNPHU
_erda
082 4 _222
_bI57g
245 0 0 _aInmigración, género y mercado de trabajo en la República Dominicana:
_bestudios complementarios en ENI - 2013. /
_cInvestigador responsable: Wilfredo Lozano; presentación, Sonia Vásquez.
264 _aSanto Domingo :
_bUNFPA,
_c2013
300 _a132 páginas :
_bIlustraciones, gráficas,
_c22 cm.
336 _2rdaconten
_atexto
_btxt
337 _2rdamedia
_asin medición
_bn
338 _2rdacarrier
_avolumen
_bnc
500 _aIncluye índice de cuadros.
500 _aIncluye bibliografía y notas al pie de páginas.
504 _aBibliografía: páginas 103 - 112
505 _aPresentación
_gI. Introducción.--
_tII. Trabajo, Migración y Desarrollo.--
590 _aInventariado 2023 / MF
700 1 _aLozano, Wilfredo
_d1950-
_97126
710 2 _aFondo de Naciones Unidas para Actividades en Materia de Población
_952170
942 _2ddc
_cLBS1
999 _c53343
_d53343